000 00600nam a2200181 i 4500
001 78664
003 ES-MaACL
005 20230906173758.0
007 t|
008 041015s1932 fr ||||1| fre d
100 1 _aHaven, Marc.
_962150
245 1 3 _aLe maître inconnu: Cagliostro
_b: étude historique et critique sur la haute magie /
_cMarc Haven.
250 _aNouvelle édition revue, corrigé et augmentée.
260 _aParis :
_bPhytagore,
_c1932 (
_fDorel)
300 _aVII, 330 p. :
_bil. ;
_c25 cm.
600 1 4 _aCagliostro, Alessandro
_cconte di.
_933427
852 _aES-MaACL
_jA-2482
999 _c78664
_d78664